000 00713nam a2200205 4500
001 137070
003 ES-MaACL
005 20230906195312.0
007 t|
008 070214s1966 sp r ||||1| cat d
100 1 _aSalvador, Carles.
_9102067
245 1 0 _aGramatica valenciana amb exercicis practics /
_cCarles Salvador.
250 _a4ยช. ed.
260 _aValencia :
_b[s.n.],
_c1966 (
_fSucesores de Vives Mora)
300 _a242 p. ;
_c19 cm.
490 1 _aPublicacions dels cursos de llengua i literatura valenciana de lo rat penat
830 0 _aPublicacions dels cursos de llengua i literatura valenciana de lo rat penat
_9220057
852 _aES-MaACL
_jC-31009
_bR.61682
999 _c137070
_d137070